Highest Points in U.S. States #5 - Statistics

General Stats
  • This quiz has been taken 4 times
  • The average score is 7 of 10
Answer Stats
Elevation State Point % Correct
12633ft Arizona Humphreys Peak
100%
14410ft Washington Mount Rainier
100%
1235ft Illinois Charles Mound
67%
2301ft Minnesota Eagle Mountain
67%
1772ft Missouri Taum Sauk Mountain
67%
5344ft New York Mount Marcy
67%
3506ft North Dakota White Butte
67%
1549ft Ohio Campbell Hill
67%
5729ft Virginia Mount Rogers
67%
811ft Rhode Island Jerimoth Hill
33%
No matching quizzes found
Score Distribution
Percent of People with Each Score
Percentile by Number Answered
Your Score History
You have not taken this quiz